Quizzes
Events
Quiz Creation
Community
Videos
Private Events
Remove Ads
Sign In
Join for FREE
Feedback
Dark Mode
Quiz Categories
Sports
Geography
Music
Movies
Television
Just For Fun
Miscellaneous
History
Literature
Language
Science
Gaming
Entertainment
Religion
Holiday
For Kids
Quiz Lab
Recent
Popular Today
Quiz Kudos Today
Editor Picks
Curator Picks
Quizzes by...
Day
Popularity
Type
Ratings
Length
Year
Community
Subscriptions
Recent Discussions
Orange Saloon
Badges
Playlists
Quests
Create
Leaderboards
Showdown
Live 5
Trivia Bingo
Activity
Puzzle Library
Sporcle Events
Private Events
Virtual Trivia
Globe League
Become a Host
Pub Owners
SporcleCon
Opinionation
Our Games
Videos
Blog
Mobile Apps
Partnerships
Remove Ads and Go Orange
Feedback
Gaming
Video Games
Board Games
Card Games
Pokémon
Mario
Nintendo
Minecraft
Console
Toys
Legend of Zelda
Gaming
Video Games
Board Games
Card Games
Pokémon
Mario
Nintendo
Minecraft
Console
Toys
Legend of Zelda
Random Quiz
Search Sporcle
×
Quiz Lab
Quiz Lab
Gaming
Pokémon
Type in answers that appear in a list
Type in answers that appear in a list
Classic
Best Score? Go Orange.
Pokemon Go gen 1s Stats
Can you name the Pokemon Go gen 1s?
By
auswayy15
10m
151 Questions
35 Plays
35 Plays
35 Plays
Comments
Comments
Give Quiz Kudos
Give Quiz Kudos
-
- Ratings
hide this ad
Replay
Link that replays current quiz
Next Quiz
Link to next quiz in quiz playlist
You Got
0%
They Got
Avg Score
50%
Avg Friend Score
Upgrade to see
Score Distribution
Jump to the score distribution portion of the page
Score
0/151
Timer
10:00
0
Plays Today
Pokedex Number
Name
% Correct
7
Squirtle
91.4%
25
Pikachu
82.9%
1
Bulbasaur
80%
4
Charmander
80%
6
Charizard
74.3%
8
Wartortle
71.4%
9
Blastoise
71.4%
26
Raichu
71.4%
2
Ivysaur
68.6%
133
Eevee
68.6%
3
Venusaur
65.7%
5
Charmeleon
65.7%
144
Articuno
65.7%
151
Mew
65.7%
21
Spearow
62.9%
22
Fearow
62.9%
23
Ekans
62.9%
37
Vulpix
62.9%
38
Ninetales
62.9%
41
Zubat
62.9%
109
Koffing
62.9%
145
Zapdos
62.9%
150
Mewtwo
62.9%
11
Metapod
60%
12
Butterfree
60%
13
Weedle
60%
16
Pidgey
60%
17
Pidgeotto
60%
18
Pidgeot
60%
19
Rattata
60%
92
Gastly
60%
93
Haunter
60%
94
Gengar
60%
95
Onix
60%
110
Weezing
60%
121
Starmie
60%
134
Vaporeon
60%
10
Caterpie
57.1%
15
Beedrill
57.1%
20
Raticate
57.1%
24
Arbok
57.1%
48
Venonat
57.1%
49
Venomoth
57.1%
86
seel
57.1%
87
dewgong
57.1%
120
Staryu
57.1%
125
Electabuzz
57.1%
135
Jolteon
57.1%
136
Flareon
57.1%
149
Dragonite
57.1%
14
Kakuna
54.3%
Pokedex Number
Name
% Correct
51
Dugtrio
54.3%
80
Slowbro
54.3%
129
Magikarp
54.3%
35
Clefairy
51.4%
60
Poliwag
51.4%
61
Poliwhirl
51.4%
84
doduo
51.4%
88
grimer
51.4%
89
Muk
51.4%
96
Drowzee
51.4%
102
exeggcute
51.4%
146
Moltres
51.4%
147
Dratini
51.4%
148
Dragonair
51.4%
31
NidoQueen
48.6%
33
Nidorino
48.6%
34
Nidoking
48.6%
40
WigglyTuff
48.6%
50
Diglett
48.6%
52
Meowth
48.6%
63
Abra
48.6%
64
kadabra
48.6%
65
Alakazam
48.6%
66
Machop
48.6%
67
Machoke
48.6%
68
Machamp
48.6%
81
Magnemite
48.6%
98
Krabby
48.6%
99
Kingler
48.6%
103
exeggutor
48.6%
111
Rhyhorn
48.6%
112
Rhydon
48.6%
115
Kangaskhan
48.6%
118
Goldeen
48.6%
119
Seaking
48.6%
122
Mr Mime
48.6%
124
Jynx
48.6%
130
Gyarados
48.6%
30
Nidorina
45.7%
39
JigglyPuff
45.7%
44
Gloom
45.7%
45
VilePlume
45.7%
53
Persian
45.7%
54
Psyduck
45.7%
55
Golduck
45.7%
62
Poliwrath
45.7%
82
Magneton
45.7%
83
Farfetchd
45.7%
132
Ditto
45.7%
143
Snorlax
45.7%
27
SandShrew
42.9%
Pokedex Number
Name
% Correct
28
SandSlash
42.9%
29
Nidoran
42.9%
32
nidoran
42.9%
36
Clefable
42.9%
42
Golbat
42.9%
43
Oddish
42.9%
46
Paras
42.9%
47
Parasect
42.9%
58
Growlithe
42.9%
74
Geodude
42.9%
76
Golem
42.9%
79
Slowpoke
42.9%
97
Hypno
42.9%
100
Voltorb
42.9%
106
Hitmonlee
42.9%
107
Hitmonchan
42.9%
113
Chansey
42.9%
116
Horsea
42.9%
126
Magmar
42.9%
131
Lapras
42.9%
139
Omastar
42.9%
142
aerodactyl
42.9%
56
Mankey
40%
57
Primeape
40%
69
BellSprout
40%
70
Weepinbell
40%
71
VictreeBell
40%
75
Graveler
40%
77
Ponyta
40%
78
Rapidash
40%
85
dodrio
40%
90
Shellder
40%
91
Cloyster
40%
101
Electrode
40%
114
Tangela
40%
117
Seadra
40%
128
Tauros
40%
138
Omanyte
40%
123
Scyther
37.1%
59
Arcanine
34.3%
127
Pinsir
34.3%
140
Kabuto
34.3%
141
Kabutops
34.3%
72
Tentacool
31.4%
73
Tentacruel
31.4%
105
Marowak
31.4%
108
lickitung
31.4%
104
cubone
28.6%
137
Porygon
25.7%
Quiz Playlist
Details
Report
Send in Message
Add To Playlist
Classic:
Type in answers that appear in a list
Last Updated: Feb 28, 2018
Quiz Scoreboard
CHALLENGE
Sign Up to Join the Scoreboard
Show All
Scores
Hide
Comments
May contain spoilers
Recently Published
Presidents Visiting Landmarks
by Hejman
History
7m
An Introduction to Baseball
by treessimontrees
Sports
5m
Movies - When Are They Set?
by FPL_Elf
Movies
5m
More to Explore
Quiz From the Vault
Featured Blog Post
Where Did the Easter Bunny Come From?
hide this ad
You Might Also Like...
Tags
Pokémon Quiz
All Pokémon
Animals Pokémon
Electric Pokémon
Fire Pokémon
Grass Pokémon
Legendary Pokémon
Lightest Pokémon
Original Pokémon
Pokémon GO
Water Pokémon
Today's Top Quizzes in Gaming
Browse Gaming
hide this ad
Today's Top Quizzes in Pokémon
Browse Pokémon
Top Contributed Quizzes in Gaming
1
5-to-1: Consoles
2
7-to-1: Board Game Piece Blitz
3
5-to-1: Legend of Zelda
4
Destiny 2 exotic weapons by perk icons
5
Ultimate Genshin Impact Logic Puzzle (up to 4.3)
6
Franchise by Action Figure
7
Overwatch Logic Puzzle
8
Who's on the WWE 2K24 Cover?
9
Genshin Impact Logic Puzzle Quiz
10
Windmill: Pokémon
Explore More
Trending Topics
NBA
Marvel
Kpop
Harry Potter
Crossword
Anime
Disney
Soccer
Puzzle
WWE
NFL
The Office
Pokémon
Country
Song
hide this ad
More By:
auswayy15
Quiz
Plays
Rating
Category
Featured
Created
gta 5 Cars that came with Doomsday Heist
171
5.00
Gaming
Feb 13, 2018
Cod BO1 Maps
154
5.00
Gaming
Feb 13, 2018
gta 5 dlc names
126
5.00
Gaming
Feb 2, 2018
black ops 2 maps include DLC
102
5.00
Gaming
May 17, 2018
call of duty Modern Warfare Remastered Maps
47
5.00
Gaming
Feb 13, 2018
Go to Creator's Profile
Score Distribution
Quiz Creator Spotlight
auswayy15
Follow
Send a Message
Quizzes Created
-
Created Quiz Play Count
-
More By This Creator
Popular Quizzes Today
1
Find the US States - No Outlines Minefield
2
Find the Countries of Europe - No Outlines Minefield
3
The Countries of the World
4
Find the US States
5
Popular People in 1961
6
US States
7
Risky Map Clicking: Biggest States A-Z
8
Movies - When Are They Set?
More Gaming Quizzes
Aloy, This Is Your Life
Quiz Lab
Trending Quizzes
Risky Map Clicking: Least Populous States A-Z
1-10 Letter G Words
1-10 Letter F Words
Risky Map Clicking: Next State Alphabetically
Risky Map Clicking: Biggest States A-Z
Recently Updated
Leaping Animals
pecheneg
Reality TV Shows (A-Z)
bhenderson79
Rickey Henderson's Hall of Fame Teammates
pecheneg
Champions League XIs: Arsenal
pecheneg
Quick Pick: Celebrities in WWE's Hall of Fame
aduchscher
A-Z Keypad Blitz II
pecheneg
Multiple Oscar Actors
pecheneg
Mystery Phrase Blitz: Oscar 'Best Actors'
pecheneg
F. Scott Fitzgerald Novels
LTH
Pick 3 Villains
ddd62291
Trending Topics
Crossword
Anime
Harry Potter
Kpop
Marvel
NBA
Disney
Song
Puzzle
NFL
Country
Soccer
Pokémon
WWE
The Office
Your Account Isn't Verified!
In order to create a playlist on Sporcle, you need to verify the email address you used during registration. Go to your
Sporcle Settings
to finish the process.
Report this User
Report this user for behavior that violates our
Community Guidelines
.
Details:
Send Report
Go to the Sporcle.com Mobile Site →
Comments